| 000 | 00387nam a2200157Ia 4500 | ||
|---|---|---|---|
| 008 | 210210b2005 xxu||||| |||| 00| 0 eng d | ||
| 020 | _a81 8054 213 0 | ||
| 082 | _a346.07 KAPE | ||
| 100 | _aKAPPOR (N D). | ||
| 245 | _aElements of mercantile law. Ed.28. | ||
| 250 | _a | ||
| 260 |
_aN D _bSultan Chand & Sons _c2005 |
||
| 300 | _a1169 | ||
| 690 | _aMercantile Law | ||
| 906 | _a060690 | ||
| 999 |
_c107736 _d107736 |
||